000 00591nam a2200181Ia 4500
003 GCL
008 140319s9999 xx 000 0 ara d
040 _aGCL /
_cGCL
082 0 4 _a301.2
_bم ث
100 1 _aمحمد عباس ابراهيم
245 1 0 _aالثقافات الفرعية /
_cمحمد عباس ابراهيم
260 _aالقاهرة :
_bدار المعرفة الجامعية ،
_c2001
300 _a389 ص ؛
_c24 سم
650 0 4 _aالثقافة
650 0 4 _aالانثربولوجيا
650 0 4 _aالانثربولوجيا الثقافية
942 _2ddc
_cBK
999 _c5517
_d5517